000 00296nam a2200121Ia 4500
008 240731s9999 xx 000 0 und d
022 _a2050-4616
245 4 _aThe Seventeenth Century
260 _bRoutledge
856 _uhttps://www.tandfonline.com/loi/rsev20
942 _2ddc
942 _cTFEJ
999 _c80110
_d80110
945 _a1
_bMadushi Gamage
_c1
_dMadushi Gamage